¿Qué y dónde conservar? (Registro nro. 7678)

Detalles MARC
000 -CABECERA
Campo de control 01073nam a22002537a 4500
005 - FECHA Y HORA DE LA ULTIMA TRANSACCION
Campo de control 20140402020002.0
008 - ELEMENTOS DE LONGITUD FIJA—INFORMACION GENERAL
Campo de control 120514s2011 ck abdo r 00 0 spa d
020 ## - ISBN
ISBN 9789588426280
041 ## - IDIOMA
Código de idioma para texto/pista de sonido o título separado Español
044 ## - PAÍS DE PUBLICACIÓN
País de publicación Colombia
082 04 - NUMERO DE CLASIFICACION DECIMAL DEWEY
Número de clasificación 333.72
Número del ítem A55q
100 1# - ASIENTO PRINCIPAL--NOMBRE PERSONAL
Nombre personal Andrade-Pérez, Germán Ignacio
245 00 - MENCION DE TITULO
Título ¿Qué y dónde conservar?
Mención de responsabilidad Germán Ignacio Andrade Pérez y Germán Arturo Corzo Mora
260 ## - PUBLICACION, DISTRIBUCION, ETC. (PIE DE IMPRENTA)
Lugar de publicación, distribución, etc. Bogotá
Nombre del editor, distribuidor, etc. Parques Nacionales Naturales de Colombia
Fecha de publicación, distribución, etc. 2011.
300 ## - DESCRIPCION FISICA
Extensión 197 p.
Otros detalles físicos ilustraciones, fotos y mapas
Dimensiones 22 cm.
Material acompañante Mapa CID-028749
500 ## - NOTA GENERAL
Nota general Mapa anexo Biomas prioritarios de conservación<br/>Anexo al ejemplar 1 - CID-028749<br/>Anexo al ejemplar 2 - CID-028750
504 ## - NOTA DE BIBLIOGRAFIA, ETC.
Nota de bibliografía Incluye referencias bibliográficas.
650 14 - ASIENTO SECUNDARIO DE MATERIA - TERMINO TEMATICO
Término temático o nombre geográfico como elemento de entrada Conservación de los recursos naturales
Subdivisión geográfica Colombia
650 24 - ASIENTO SECUNDARIO DE MATERIA - TERMINO TEMATICO
Término temático o nombre geográfico como elemento de entrada Conservación biológica
Subdivisión geográfica Colombia
650 24 - ASIENTO SECUNDARIO DE MATERIA - TERMINO TEMATICO
Término temático o nombre geográfico como elemento de entrada Conservación de la diversidad biológica
Subdivisión geográfica Colombia
650 24 - ASIENTO SECUNDARIO DE MATERIA - TERMINO TEMATICO
Término temático o nombre geográfico como elemento de entrada Protección del medio ambiente
Subdivisión geográfica Colombia
700 1# - ASIENTO SECUNDARIO - NOMBRE PERSONAL
Nombre personal Corzo-Mora, Germán Arturo
942 ## - ELEMENTOS ADICIONALES (KOHA)
Sistema de clasificación Dewey Decimal Classification
Tipo de ítem Impreso
Koha issues (borrowed), all copies 2
Existencias
Withdrawn status Lost status Sistema de Clasificación Damaged status No para préstamo Colección Inventariado Ubicación Permanente Ubicación actual Fecha de adquisición Fuente de Valor Valor Total Checkouts Número topográfico Inventario / Código de Barras Date last seen Date checked out Ejemplar Price effective from Forma de adquisición Tipo de material
    Dewey Decimal Classification     General Inventariado 2017 Bogotá Bogotá 25/09/2013 Instituto 39000.00 2 LB-333.72 A55q 029395 01/04/2014 01/04/2014 Ej. 1 25/09/2013   Libro
    Dewey Decimal Classification     General Inventariado 2017 Sala Fabio Quevedo Sala Fabio Quevedo 10/03/2014 Instituto 39000.00   LB-333.72 A55q 028748 10/03/2014   Ej. 2 10/03/2014   Libro